The Regs Files (Record no. 82414)

MARC details
000 -LEADER
fixed length control field 01259cam a22002295a 4500
001 - CONTROL NUMBER
control field L150149
008 - FIXED-LENGTH DATA ELEMENTS--GENERAL INFORMATION
fixed length control field 100608e2010 xxk 000 0 eng d
035 ## - SYSTEM CONTROL NUMBER
System control number (Sirsi) u150149
041 0# - LANGUAGE CODE
Language code of text/sound track or separate title eng
100 1# - MAIN ENTRY--PERSONAL NAME
Personal name Lane, Thomas
245 04 - TITLE STATEMENT
Title The Regs Files
Remainder of title a guide to codes and regulations updated 2010
260 ## - PUBLICATION, DISTRIBUTION, ETC.
Date of publication, distribution, etc. 2010
490 ## - SERIES STATEMENT
Series statement Building
Volume/sequential designation 275 (8632) 4 June 2010, 1-30(23)
520 ## - SUMMARY, ETC.
Summary, etc. Regulations Special includes a round-up of the current and forthcoming legislation L, F and G and definition of zero carbon; a house with just a third of carbon emissions of a typical UK house; Part L effects of 2006 and predictions for 2010; a compliance guide for Part L; One Brighton a sustainable apartment block that includes a biomass boiler, green concrete, clay walling system and mechanical ventilation heat recovery; local authority building control departments can now set their own fees from 1 April 2010, implications; designing greener and cleaner equipment to make buildings compliant with all the latest legislation; discusses Con/Lib plans for building control.
700 1# - ADDED ENTRY--PERSONAL NAME
Personal name Rawlinson, Simon
700 1# - ADDED ENTRY--PERSONAL NAME
Personal name Cullen, Nick
700 1# - ADDED ENTRY--PERSONAL NAME
Personal name Smith, Alex
700 1# - ADDED ENTRY--PERSONAL NAME
Personal name Evans, Steve
700 1# - ADDED ENTRY--PERSONAL NAME
Personal name Strong, David
700 1# - ADDED ENTRY--PERSONAL NAME
Personal name Everall, Paul
942 ## - ADDED ENTRY ELEMENTS (KOHA)
Suppress in OPAC 0
Holdings
Withdrawn status Lost status Source of classification or shelving scheme Damaged status Not for loan Home library Current library Shelving location Date acquired Total Checkouts Full call number Barcode Date last seen Copy number Price effective from Koha item type
    Dewey Decimal Classification     London London Journal article 08/06/2010   L150149 150149-1001 06/08/2019 1 06/08/2019 Journal article